| 000 | 00403 a2200133 4500 | ||
|---|---|---|---|
| 001 | 88828 | ||
| 082 | _aPR 751 | ||
| 090 |
_c41969 _d41969 |
||
| 100 | _aS Masood H Rizvi | ||
| 245 | _aOptimisation of reinforcement requirment of various shape cut out in plain panels under tensile load | ||
| 260 |
_aKarachi _bUniversity of Karachi _c1979 |
||
| 300 |
_a150p. _eNadeem Ansari |
||
| 500 | _aBE Project Report | ||
| 942 |
_aCAE NUST _kPR 751 |
||
| 999 |
_c323901 _d323901 |
||